[Event "MCR senioru 2014 - nad 50 let"]
[Site "Rychnov nad Kneznou"]
[Date "2014.08.16"]
[Round "1.5"]
[White "Malinovsky, Petr"]
[Black "Janousek, Ladislav"]
[Result "1-0"]
[WhiteElo "1995"]
[BlackElo "1669"]
[PlyCount "83"]
[EventDate "2014.??.??"]

1. d4 d5 2. c4 Nf6 3. cxd5 Nxd5 4. e4 Nb6 5. Nf3 Bg4 6. Be2 e6 7. O-O Be7 8.
Be3 O-O 9. Nbd2 N8d7 10. Rc1 Rc8 11. h3 Bh5 12. Nh2 Bxe2 13. Qxe2 c5 14. Nhf3
cxd4 15. Bxd4 Bc5 16. Nb3 Bxd4 17. Nbxd4 Qe7 18. e5 a6 19. Qe4 Nc5 20. Qb1 Nd5
21. Rfd1 Rc7 22. Nf5 exf5 23. Rxd5 g6 24. Rcd1 Rfc8 25. Qc1 Ne6 26. Qe3 Kg7 27.
Nd4 h6 28. Rd6 Nxd4 29. R6xd4 Re8 30. Rd5 Qe6 31. f4 Ree7 32. Qd4 h5 33. b3 Kh6
34. Rd6 Qc8 35. e6 Qf8 36. Rd8 Re8 37. Qf6 Rce7 38. exf7 Rxf7 39. Qg5+ Kg7 40.
R1d6 Rf6 41. Rxf6 Re1+ 42. Kf2 1-0

[Event "MCR senioru 2014 - nad 50 let"]
[Site "Rychnov nad Kneznou"]
[Date "2014.08.16"]
[Round "1.6"]
[White "Ruffer, Vaclav"]
[Black "Vlachopulos, Georgis"]
[Result "1-0"]
[WhiteElo "1645"]
[BlackElo "1952"]
[PlyCount "81"]
[EventDate "2014.??.??"]

1. d4 Nf6 2. c4 c6 3. Bf4 d5 4. e3 e6 5. c5 Be7 6. Nf3 Nh5 7. Bxb8 Rxb8 8. Bd3
f5 9. Ne5 Nf6 10. Nd2 O-O 11. f4 Ne4 12. O-O g5 13. Bxe4 fxe4 14. Qg4 Bf6 15.
h4 Bxe5 16. fxe5 b6 17. Rxf8+ Kxf8 18. Rf1+ Kg8 19. b4 Rb7 20. Rf6 bxc5 21.
bxc5 Rg7 22. hxg5 Kh8 23. Qf4 Kg8 24. Nf1 Qe8 25. Nh2 Rb7 26. Kf2 Kg7 27. Ng4
Rb1 28. Rh6 Ba6 29. Qf6+ Kg8 30. Qxe6+ Qxe6 31. Rxe6 Bb5 32. Rh6 Rf1+ 33. Kg3
Rf7 34. Nf6+ Kf8 35. Rxh7 Rxh7 36. Nxh7+ Kg7 37. Nf6 Kf7 38. Kg4 Ba6 39. Kh4
Bc8 40. Kh5 Be6 41. g6+ 1-0

[Event "MCR senioru 2014 - nad 50 let"]
[Site "Rychnov nad Kneznou"]
[Date "2014.08.16"]
[Round "1.7"]
[White "Masek, Jan"]
[Black "Plachetka, Milan"]
[Result "1-0"]
[WhiteElo "1930"]
[BlackElo "1639"]
[PlyCount "61"]
[EventDate "2014.??.??"]

1. e4 c5 2. Bc4 e6 3. Qe2 d6 4. Nf3 Nc6 5. c3 Nf6 6. Bb3 Be7 7. O-O O-O 8. d4
cxd4 9. cxd4 b6 10. h3 Bb7 11. Rd1 Qc7 12. Nc3 a6 13. Be3 Rad8 14. Rac1 Qb8 15.
d5 Ne5 16. Bxb6 Nxf3+ 17. Qxf3 Rc8 18. dxe6 Bxe4 19. Qe3 Bg6 20. Bd4 h6 21.
exf7+ Rxf7 22. Bxf7+ Kxf7 23. Re1 Re8 24. Qe6+ Kf8 25. Qe3 Bd8 26. Qf4 Rxe1+
27. Rxe1 Bf7 28. Ne4 Nxe4 29. Qxe4 Qc7 30. Qh7 Bxa2 31. Qg6 1-0

[Event "MCR senioru 2014 - nad 50 let"]
[Site "Rychnov nad Kneznou"]
[Date "2014.08.16"]
[Round "1.8"]
[White "Vorel, Bohuslav"]
[Black "Nemec, Otakar"]
[Result "1/2-1/2"]
[WhiteElo "1633"]
[BlackElo "1866"]
[PlyCount "57"]
[EventDate "2014.??.??"]

1. d4 Nf6 2. c4 g6 3. Nc3 d5 4. e3 Bg7 5. Nf3 O-O 6. Be2 c5 7. O-O cxd4 8. Nxd4
dxc4 9. Bxc4 e5 10. Nde2 Qe7 11. Qc2 Nc6 12. a3 Be6 13. Bxe6 Qxe6 14. Rb1 Rac8
15. Qa4 Nd7 16. Rd1 Nc5 17. Qb5 b6 18. b4 Nb7 19. Bb2 Rfd8 20. Rd5 Ne7 21.
Rxd8+ Rxd8 22. Rd1 Rxd1+ 23. Nxd1 Qd6 24. Nec3 Qd8 25. Qe2 Nd6 26. f3 Qc7 27.
Nb5 Nxb5 28. Qxb5 Qd8 29. Qe2 1/2-1/2

[Event "MCR senioru 2014 - nad 50 let"]
[Site "Rychnov nad Kneznou"]
[Date "2014.08.16"]
[Round "1.9"]
[White "Dolezal, Rudolf"]
[Black "Privoznik, Lubos"]
[Result "1-0"]
[WhiteElo "1829"]
[BlackElo "1632"]
[PlyCount "101"]
[EventDate "2014.??.??"]

1. e4 e6 2. d4 d5 3. Nd2 Nf6 4. e5 Nfd7 5. f4 c5 6. c3 Nc6 7. Bb5 Qb6 8. Bxc6
bxc6 9. Qb3 Ba6 10. Ngf3 Be7 11. Qxb6 axb6 12. Nf1 Bd3 13. Ng3 g6 14. b3 c4 15.
Kd2 b5 16. Bb2 Nb6 17. Ne1 Bf5 18. Nxf5 gxf5 19. Nf3 Rg8 20. g3 Kd7 21. Kc2 h5
22. Rhg1 Rg7 23. h4 f6 24. exf6 Bxf6 25. Ng5 Bxg5 26. hxg5 Nc8 27. bxc4 bxc4
28. a4 Nd6 29. Bc1 Kc7 30. Ba3 Ne4 31. Bb4 Kb6 32. a5+ Ka6 33. Rg2 Rh7 34. Rh1
Rah8 35. Rh4 Kb5 36. Kd1 Ka6 37. Ke2 Kb5 38. Kf3 Ka6 39. Ra2 Ka7 40. a6 Ka8 41.
Ra3 Nd2+ 42. Kg2 Ne4 43. Ba5 Ka7 44. Bb4 Ka8 45. Ra5 Ra7 46. Rh1 Kb8 47. Rb1
Kc7 48. Ra2 Rha8 49. Rba1 Kb6 50. Ba5+ Kxa6 51. Rb2 1-0

[Event "MCR senioru 2014 - nad 50 let"]
[Site "Rychnov nad Kneznou"]
[Date "2014.08.16"]
[Round "1.10"]
[White "Kubelova, Sona"]
[Black "Madera, Stanislav"]
[Result "0-1"]
[WhiteElo "1624"]
[BlackElo "1794"]
[PlyCount "116"]
[EventDate "2014.??.??"]

1. d4 d5 2. c4 c6 3. e3 Nf6 4. Nd2 Bf5 5. Ngf3 h6 6. b3 e6 7. Bb2 Qa5 8. a3 Qc7
9. Be2 Nbd7 10. h3 Be7 11. O-O O-O 12. Rc1 g5 13. cxd5 exd5 14. Ne5 Rac8 15. f4
Ne4 16. Nxe4 Bxe4 17. Bh5 Nf6 18. fxg5 Nxh5 19. Qxh5 Bxg5 20. Rce1 Qe7 21. Bc3
b6 22. g3 Qe6 23. Ng4 Qg6 24. Qxg6+ fxg6 25. h4 Be7 26. Nxh6+ Kg7 27. Ng4 g5
28. Rxf8 Rxf8 29. hxg5 Bxg5 30. Nf2 Bc2 31. b4 Rf3 32. Kg2 Rxe3 33. Rxe3 Bxe3
34. Ng4 Bc1 35. Ne5 Ba4 36. Kh3 Bxa3 37. Kg4 Kf6 38. Nd7+ Ke6 39. Ne5 c5 40.
bxc5 bxc5 41. dxc5 Bxc5 42. Nd3 Be3 43. Nf4+ Kd6 44. Bb4+ Ke5 45. Nd3+ Kf6 46.
Bc3+ d4 47. Bb2 Bd1+ 48. Kh3 Kf5 49. Kg2 Be2 50. Ne1 Bc4 51. Nc2 Bd5+ 52. Kf1
Ke4 53. Nxe3 Kxe3 54. Bxd4+ Kxd4 55. Ke2 Kc3 56. Kd1 Kb2 57. Kd2 a5 58. Kd3 a4
0-1

[Event "MCR senioru 2014 - nad 50 let"]
[Site "Hewlett-Packard"]
[Date "2014.08.16"]
[Round "1.11"]
[White "Papacek, Milos"]
[Black "Volfova, Milena"]
[Result "1-0"]
[WhiteElo "1804"]
[BlackElo "1607"]
[PlyCount "99"]

1. e4 e5 2. Nf3 Nc6 3. Bb5 d6 4. c3 Bd7 5. h3 Nf6 6. d3 h6 7. Nbd2 Be7 8. Nf1
a6 9. Ba4 O-O 10. g4 Nh7 11. Ng3 Bg5 12. Nf5 Bxc1 13. Qxc1 b5 14. Bc2 Ne7 15.
h4 Ng6 16. Qe3 Nf4 17. Rg1 Bxf5 18. exf5 Nf6 19. O-O-O N6d5 20. Qd2 c6 21. d4
f6 22. Rg3 Qa5 23. Bb3 Rac8 24. Ne1 Kh8 25. Nd3 Qb6 26. Nxf4 Nxf4 27. g5 h5 28.
gxf6 Rxf6 29. dxe5 Rxf5 30. exd6 Nd5 31. Rg5 Rcf8 32. Rxf5 Rxf5 33. Qe2 Qd8 34.
Bc2 Qxd6 35. Bxf5 Qf4+ 36. Rd2 Qxf5 37. Qe8+ Kh7 38. Qxc6 Nf4 39. Qd6 Qe4 40.
Rd1 Ne2+ 41. Kd2 Nf4 42. Re1 Qf3 43. Qd4 Qd5 44. Qxd5 Nxd5 45. b3 Nf6 46. c4
bxc4 47. bxc4 Kg8 48. Kd3 Kf7 49. Kd4 Nd7 50. c5 1-0

[Event "MCR senioru 2014 - nad 50 let"]
[Site "Rychnov nad Kneznou"]
[Date "2014.08.17"]
[Round "2.1"]
[White "Masek, Jan"]
[Black "Urban, Zdenek"]
[Result "0-1"]
[WhiteElo "1930"]
[BlackElo "2152"]
[PlyCount "200"]
[EventDate "2014.??.??"]

1. e4 d6 2. d4 Nf6 3. Nc3 g6 4. h3 Bg7 5. Be3 O-O 6. Qd2 e5 7. dxe5 dxe5 8.
Qxd8 Rxd8 9. Bc4 c6 10. a4 Nbd7 11. Rd1 Re8 12. Nf3 h6 13. O-O Bf8 14. Nh2 Nb6
15. Bb3 Be6 16. f3 Bxb3 17. cxb3 Rad8 18. Ng4 Nxg4 19. hxg4 Kg7 20. Kf2 Be7 21.
a5 Nd7 22. Bxa7 Bc5+ 23. Bxc5 Nxc5 24. b4 Nd3+ 25. Ke2 Nxb2 26. Rb1 Nd3 27.
Rfd1 Nf4+ 28. Kf2 Ra8 29. Na4 Ne6 30. Rd7 Ra7 31. Rc1 Rd8 32. Nc5 Rxd7 33. Nxd7
f6 34. Ke3 Kf7 35. Nc5 Nxc5 36. Rxc5 Ra8 37. Kd3 Ke6 38. Kc4 Kd6 39. Kb3 h5 40.
gxh5 gxh5 41. Rc2 Rg8 42. Kc4 h4 43. Rd2+ Kc7 44. Kc5 Rg3 45. b5 cxb5 46. Kxb5
h3 47. gxh3 Rxf3 48. Rc2+ Kb8 49. Rh2 f5 50. exf5 Rxf5 51. h4 Rh5 52. Re2 e4+
53. Kb6 Rxh4 54. Kc5 Rh5+ 55. Kd4 Rxa5 56. Kxe4 Rc5 57. Kd4 Rc1 58. Re5 Ka7 59.
Rb5 Ka6 60. Rb2 b5 61. Ra2+ Kb6 62. Rb2 Ka5 63. Kd3 Ka4 64. Kd2 Rh1 65. Ra2+
Kb3 66. Ra5 b4 67. Rb5 Ka3 68. Kc2 Rh2+ 69. Kb1 Kb3 70. Kc1 Rh1+ 71. Kd2 Rh4
72. Kc1 Rh1+ 73. Kd2 Ka3 74. Kc2 Rh2+ 75. Kb1 Kb3 76. Kc1 Rc2+ 77. Kb1 Rc8 78.
Rb7 Kc3 79. Rg7 Kb3 80. Rb7 Rg8 81. Kc1 Rg4 82. Rb8 Rg1+ 83. Kd2 Rb1 84. Rb7
Ka2 85. Ra7+ Kb2 86. Rb7 b3 87. Rb8 Rh1 88. Rb7 Rh8 89. Rb6 Rd8+ 90. Ke2 Kc2
91. Rc6+ Kb1 92. Rb6 b2 93. Rb7 Rd5 94. Rb8 Kc2 95. Rc8+ Kb3 96. Rb8+ Kc3 97.
Ke1 Rd4 98. Ke2 Rb4 99. Rc8+ Kb3 100. Kd2 b1=Q 0-1

[Event "MCR senioru 2014 - nad 50 let"]
[Site "Rychnov nad Kneznou"]
[Date "2014.08.17"]
[Round "2.2"]
[White "Shilov, Sergej"]
[Black "Dolezal, Rudolf"]
[Result "1-0"]
[WhiteElo "2141"]
[BlackElo "1829"]
[PlyCount "67"]
[EventDate "2014.??.??"]

1. e4 c6 2. c4 e5 3. d4 d6 4. Nc3 Nf6 5. f4 Nbd7 6. Nf3 exd4 7. Qxd4 Qb6 8. Bd3
Qxd4 9. Nxd4 Nc5 10. Bc2 Be7 11. b4 Ne6 12. Nf5 Bf8 13. a3 g6 14. Ng3 Bg7 15.
Nge2 O-O 16. f5 Nc7 17. Bf4 Nfe8 18. O-O-O Be5 19. g4 a5 20. Bxe5 dxe5 21. Kb2
axb4 22. axb4 Nf6 23. h3 b5 24. Rd6 Nfe8 25. Rxc6 Bd7 26. Rb6 bxc4 27. Rd1 Bc8
28. b5 Kg7 29. Na4 Nf6 30. Nec3 g5 31. Rc6 Nfe8 32. Nc5 Ra5 33. b6 Na6 34. b7
1-0

[Event "MCR senioru 2014 - nad 50 let"]
[Site "Rychnov nad Kneznou"]
[Date "2014.08.17"]
[Round "2.3"]
[White "Madera, Stanislav"]
[Black "Lorenc, Oldrich"]
[Result "0-1"]
[WhiteElo "1794"]
[BlackElo "2081"]
[PlyCount "48"]
[EventDate "2014.??.??"]

1. d4 Nf6 2. c4 g6 3. Nc3 Bg7 4. e4 d6 5. Be2 O-O 6. Nf3 e5 7. O-O Bg4 8. d5
Nbd7 9. h3 Bxf3 10. Bxf3 a5 11. Be3 Nc5 12. Qc2 Nfd7 13. a3 a4 14. Rad1 f5 15.
g3 f4 16. Bc1 Nb3 17. Ne2 Ndc5 18. Kh2 Qe7 19. Bd2 Nxd2 20. Rxd2 fxg3+ 21. fxg3
Qg5 22. Rdd1 Qe3 23. Qc3 Rxf3 24. Rxf3 Qxe2+ 0-1

[Event "MCR senioru 2014 - nad 50 let"]
[Site "Rychnov nad Kneznou"]
[Date "2014.08.17"]
[Round "2.4"]
[White "Elias, Miroslav"]
[Black "Papacek, Milos"]
[Result "1-0"]
[WhiteElo "2079"]
[BlackElo "1761"]
[PlyCount "63"]
[EventDate "2014.??.??"]

1. d4 Nf6 2. Nf3 g6 3. c4 d6 4. Nc3 Bg7 5. e4 O-O 6. Be2 e5 7. dxe5 dxe5 8.
Qxd8 Rxd8 9. Bg5 Re8 10. Rd1 c6 11. Nxe5 Nxe4 12. Nxe4 Bxe5 13. f3 Na6 14. Nf6+
Bxf6 15. Bxf6 Be6 16. Kf2 Nc5 17. h4 Nd7 18. Bc3 f6 19. g4 Ne5 20. b3 Rf8 21.
g5 Nd7 22. h5 Bf5 23. hxg6 hxg6 24. Rd6 Kg7 25. Bd3 Rf7 26. gxf6+ Kg8 27. Bxf5
gxf5 28. Ke3 Re8+ 29. Kf4 Nc5 30. Kxf5 Re3 31. Rd8+ Rf8 32. f7+ 1-0

[Event "MCR senioru 2014 - nad 50 let"]
[Site "Rychnov nad Kneznou"]
[Date "2014.08.17"]
[Round "2.5"]
[White "Stola, Stanislav"]
[Black "Malinovsky, Petr"]
[Result "1/2-1/2"]
[WhiteElo "1480"]
[BlackElo "1995"]
[PlyCount "63"]
[EventDate "2014.??.??"]

1. d4 d5 2. c4 e6 3. Nc3 c6 4. Nf3 dxc4 5. a4 Bb4 6. e3 b5 7. axb5 cxb5 8. Bd2
Bxc3 9. Bxc3 a5 10. b3 Bb7 11. bxc4 b4 12. Bd2 Nf6 13. Bd3 O-O 14. O-O Nbd7 15.
Re1 Ne4 16. Qc2 f5 17. c5 Bd5 18. Bc4 Kh8 19. Bxd5 exd5 20. Re2 Qc7 21. Be1
Rfb8 22. Qb3 Nef6 23. h3 Rb7 24. Rea2 Rba7 25. Ra4 Qb7 26. Ng5 Ne4 27. f4 Nxg5
28. fxg5 g6 29. Bg3 Kg7 30. Rc1 Qc6 31. Bd6 Rb7 32. Rca1 1/2-1/2

[Event "MCR senioru 2014 - nad 50 let"]
[Site "Rychnov nad Kneznou"]
[Date "2014.08.17"]
[Round "2.6"]
[White "Nemec, Otakar"]
[Black "Ruffer, Vaclav"]
[Result "1-0"]
[WhiteElo "1866"]
[BlackElo "1645"]
[PlyCount "43"]
[EventDate "2014.??.??"]

1. Nf3 d5 2. g3 c6 3. Bg2 Nf6 4. O-O e6 5. d4 Be7 6. c4 O-O 7. Nc3 Nbd7 8. b3
Qc7 9. Bb2 Re8 10. Rc1 Nb6 11. Ne5 Nbd7 12. Nxd7 Bxd7 13. cxd5 exd5 14. Nxd5
Nxd5 15. Bxd5 Qa5 16. Bg2 Qxa2 17. Bc3 Qa6 18. e4 Be6 19. d5 Rad8 20. Qh5 Qb5
21. Rfd1 g6 22. Qe5 1-0

[Event "MCR senioru 2014 - nad 50 let"]
[Site "Rychnov nad Kneznou"]
[Date "2014.08.17"]
[Round "2.7"]
[White "Vlachopulos, Georgis"]
[Black "Vorel, Bohuslav"]
[Result "0-1"]
[WhiteElo "1952"]
[BlackElo "1633"]
[PlyCount "138"]
[EventDate "2014.??.??"]

1. e4 c5 2. Nf3 d6 3. d4 cxd4 4. Nxd4 Nf6 5. Nc3 g6 6. Bg5 Bg7 7. Qd2 O-O 8.
O-O-O Nc6 9. f3 Bd7 10. h4 h5 11. Bc4 Rc8 12. Bb3 a6 13. Bh6 Nxd4 14. Bxf7+
Rxf7 15. Bxg7 Nxf3 16. gxf3 Rxg7 17. Rhg1 Kh7 18. Rg5 Bc6 19. Rdg1 Qd7 20. Qf4
Rcg8 21. Ne2 Qe6 22. Kb1 Qf7 23. Qe3 e5 24. Rd1 Qe7 25. Ng1 Rd8 26. Nh3 Bd7 27.
Nf2 Ne8 28. Nd3 Nc7 29. Qb6 Bc6 30. Nb4 Ne6 31. Rgg1 Rc8 32. Qf2 Nf4 33. Qe1
Qc7 34. Qd2 Rd8 35. Nd3 Nxd3 36. Qxd3 Qe7 37. Rg5 Qf6 38. c4 Rdd7 39. Rdg1 Qf4
40. Rh1 Qf6 41. Rg3 b5 42. b3 bxc4 43. Qxc4 Bb5 44. Qd5 Qf4 45. Rhg1 Qe3 46.
Qe6 Qc3 47. a3 Bd3+ 48. Ka2 Qc2+ 49. Ka1 Rb7 50. R3g2 Qxb3 51. Qxb3 Rxb3 52.
Rd1 Bb5 53. a4 Bxa4 54. Rxd6 Bb5 55. Rf6 Re3 56. Rg5 Be2 57. Rxe5 Bxf3 58. Rfe6
Rd7 59. Re8 Re2 60. R5e7+ Rxe7 61. Rxe7+ Kg8 62. e5 Bg4 63. Ra7 Be6 64. Rxa6
Ra2+ 65. Rxa2 Bxa2 66. Kxa2 Kf7 67. Kb2 Ke6 68. Kc2 Kxe5 69. Kd2 Kf4 0-1

[Event "MCR senioru 2014 - nad 50 let"]
[Site "Rychnov nad Kneznou"]
[Date "2014.08.17"]
[Round "2.8"]
[White "Nisztuk, Michal"]
[Black "Janousek, Ladislav"]
[Result "1-0"]
[WhiteElo "1743"]
[BlackElo "1669"]
[PlyCount "47"]
[EventDate "2014.??.??"]

1. e4 d6 2. d4 Nf6 3. Nc3 g6 4. Nf3 Bg7 5. Bc4 O-O 6. O-O c6 7. Bg5 b5 8. Bb3
b4 9. Bxf6 Bxf6 10. Ne2 Bg4 11. Qd3 Nd7 12. a3 Qb6 13. axb4 Qxb4 14. Ra4 Qb7
15. Rfa1 Nb6 16. Ra6 Rfc8 17. Qe3 c5 18. dxc5 Rxc5 19. Nc3 Bxc3 20. bxc3 Qc7
21. Ng5 Bc8 22. Bxf7+ Kg7 23. Bb3 Bxa6 24. Ne6+ 1-0

[Event "MCR senioru 2014 - nad 50 let"]
[Site "Rychnov nad Kneznou"]
[Date "2014.08.17"]
[Round "2.9"]
[White "Plachetka, Milan"]
[Black "Cvejn, Jaroslav"]
[Result "1/2-1/2"]
[WhiteElo "1639"]
[BlackElo "1733"]
[PlyCount "55"]
[EventDate "2014.??.??"]

1. e4 d5 2. exd5 Qxd5 3. Nc3 Qa5 4. d4 Nf6 5. Bd2 c6 6. Nf3 Bg4 7. Be2 Qc7 8.
O-O e6 9. h3 Bh5 10. Ne5 Bxe2 11. Nxe2 Nbd7 12. Nxd7 Qxd7 13. c3 Bd6 14. Bg5 h6
15. Bxf6 gxf6 16. f4 O-O-O 17. Ng3 Rhg8 18. Qf3 f5 19. c4 Rg6 20. Ne2 Rdg8 21.
Rf2 Be7 22. Kh2 Qd8 23. Rg1 Qb6 24. b3 Bf6 25. d5 Rd8 26. dxc6 bxc6 27. g3 Be7
28. Rfg2 1/2-1/2

[Event "MCR senioru 2014 - nad 50 let"]
[Site "Rychnov nad Kneznou"]
[Date "2014.08.17"]
[Round "2.10"]
[White "Zoufaly, Petr"]
[Black "Kubelova, Sona"]
[Result "1-0"]
[WhiteElo "1719"]
[BlackElo "1624"]
[PlyCount "89"]
[EventDate "2014.??.??"]

1. d4 d5 2. Nf3 e6 3. e3 c6 4. c4 Nd7 5. Nc3 f5 6. cxd5 cxd5 7. Bd3 Ngf6 8. O-O
Ne4 9. Nd2 Bb4 10. Ndxe4 fxe4 11. Bc2 O-O 12. Bd2 Bd6 13. f3 Qh4 14. f4 Nf6 15.
Qe1 Qh6 16. Bd1 Bd7 17. g4 g5 18. Qg3 gxf4 19. exf4 Qg7 20. Be2 Rf7 21. Rf2 Ne8
22. Bb5 Qxd4 23. Bxd7 Rxd7 24. Nb5 Qxb2 25. Nxd6 Qxa1+ 26. Kg2 Nxd6 27. Bc3 Qd1
28. f5 Rf8 29. Qe5 Qxg4+ 30. Kf1 Rg7 31. Qxe6+ Nf7 32. Bxg7 Qd1+ 33. Kg2 Qg4+
34. Kf1 Qh3+ 35. Rg2 Qf3+ 36. Rf2 Qd1+ 37. Kg2 Kxg7 38. Rf1 Qd2+ 39. Kh1 Kh8
40. Qf6+ Kg8 41. Rg1+ Ng5 42. Rxg5+ Qxg5 43. Qxg5+ Kf7 44. Qh6 d4 45. Qe6+ 1-0

[Event "MCR senioru 2014 - nad 50 let"]
[Site "Hewlett-Packard"]
[Date "2014.08.17"]
[Round "2.11"]
[White "Privoznik, Lubos"]
[Black "Zmeskal, Stanislav"]
[Result "0-1"]
[WhiteElo "1632"]
[BlackElo "1691"]
[PlyCount "76"]

1. e4 e5 2. Nf3 Nf6 3. Nc3 Bb4 4. Nxe5 O-O 5. d3 Re8 6. Nf3 d5 7. Bd2 Bxc3 8.
Bxc3 dxe4 9. dxe4 Qxd1+ 10. Rxd1 Nxe4 11. Be2 Nxc3 12. bxc3 Be6 13. a3 Bc4 14.
Rd2 c5 15. Ne5 Bxe2 16. Rxe2 f6 17. Nc4 Nc6 18. Rxe8+ Rxe8+ 19. Kd2 Rd8+ 20.
Ke2 Kf7 21. Rd1 Rxd1 22. Kxd1 Ke6 23. Kd2 Ne5 24. Nxe5 Kxe5 25. Kd3 b5 26. c4
b4 27. a4 Kf4 28. a5 f5 29. f3 h5 30. Ke2 h4 31. Kf2 g5 32. g3+ hxg3+ 33. hxg3+
Ke5 34. Ke3 f4+ 35. gxf4+ gxf4+ 36. Kd3 a6 37. c3 b3 38. Kd2 Kf5 0-1

[Event "MCR senioru 2014 - nad 60 let"]
[Site "Rychnov nad Kneznou"]
[Date "2014.08.17"]
[Round "2.1"]
[White "Sobotnik, Petr"]
[Black "Sejkora, Vlastimil"]
[Result "1-0"]
[WhiteElo "1951"]
[BlackElo "2241"]
[PlyCount "110"]
[EventDate "2014.??.??"]

1. c4 Nf6 2. Nc3 g6 3. g3 Bg7 4. Bg2 O-O 5. Nf3 d6 6. d3 e5 7. O-O Nc6 8. e4 h6
9. Nd5 Kh7 10. Rb1 Be6 11. b4 Ng8 12. b5 Nce7 13. Qc2 Qd7 14. Ne1 c6 15. bxc6
bxc6 16. Nxe7 Nxe7 17. f4 f5 18. Nf3 exf4 19. gxf4 Rac8 20. Qe2 fxe4 21. dxe4
Rce8 22. e5 Nf5 23. Rd1 Qf7 24. Rb4 c5 25. Ra4 Nd4 26. Nxd4 cxd4 27. Rxd4 dxe5
28. fxe5 Qc7 29. Rh4 Qe7 30. Re4 Bf5 31. Ba3 Qd7 32. Bxf8 Bxf8 33. Ra6 Bc5+ 34.
Kh1 Rb8 35. Rf4 Rb1+ 36. Rf1 Bd3 37. Rxb1 Bxe2 38. Rb7 Qxb7 39. Bxb7 Bxc4 40.
Ra4 Be6 41. Be4 Kg7 42. Kg2 g5 43. Ra6 Bb6 44. Ra3 h5 45. Bc6 g4 46. Be4 Kh6
47. Ra4 Kg5 48. Bb1 h4 49. Be4 Bd7 50. Rb4 Bc8 51. Bd5 Kf5 52. e6 h3+ 53. Kh1
Ke5 54. Rxb6 axb6 55. e7 Bd7 1-0

[Event "MCR senioru 2014 - nad 60 let"]
[Site "Rychnov nad Kneznou"]
[Date "2014.08.17"]
[Round "2.2"]
[White "Rucka, Alois"]
[Black "Janda, Zdenek"]
[Result "0-1"]
[WhiteElo "2183"]
[BlackElo "2183"]
[PlyCount "84"]
[EventDate "2014.??.??"]

1. d4 Nf6 2. Nf3 g6 3. c4 Bg7 4. g3 d6 5. Nc3 O-O 6. Bg2 c6 7. O-O Qc7 8. Re1
Nbd7 9. e4 e5 10. Bg5 h6 11. Bc1 Rb8 12. h3 a6 13. Be3 b5 14. cxb5 axb5 15. Rc1
Qa5 16. a3 b4 17. axb4 Qxb4 18. dxe5 dxe5 19. Nd2 Qxb2 20. Rb1 Qxc3 21. Rxb8
Nxb8 22. Qb1 Be6 23. Rc1 Qa5 24. Rc5 Qc7 25. f4 Nfd7 26. Rc1 f6 27. f5 Bf7 28.
fxg6 Bxg6 29. g4 c5 30. Nf3 Nc6 31. Nh4 Bh7 32. Nf5 Bxf5 33. gxf5 Nd4 34. Qa2+
Kh7 35. Kh2 Nb6 36. Rg1 Qf7 37. Qf2 Nc4 38. Bc1 Qh5 39. Qg3 Ne2 40. Qxg7+ Kxg7
41. Bf3+ Nxg1 42. Bxh5 Ra8 0-1

[Event "MCR senioru 2014 - nad 60 let"]
[Site "Rychnov nad Kneznou"]
[Date "2014.08.17"]
[Round "2.3"]
[White "Sedlacek, Jan"]
[Black "Mlynek, Petr"]
[Result "0-1"]
[WhiteElo "1891"]
[BlackElo "2150"]
[PlyCount "68"]
[EventDate "2014.??.??"]

1. e4 c6 2. d4 d5 3. Nc3 dxe4 4. Nxe4 Nd7 5. Nf3 Ngf6 6. Ng3 e6 7. Bd3 c5 8.
O-O Bd6 9. Bg5 Qc7 10. Qe2 O-O 11. Ne4 c4 12. Nxf6+ gxf6 13. Bxh7+ Kxh7 14.
Qe4+ f5 15. Qh4+ Kg8 16. Bh6 f6 17. Qh5 Nb6 18. Qg6+ Kh8 19. Bxf8 Bxf8 20.
Qxf6+ Qg7 21. Qh4+ Kg8 22. Ne5 Be7 23. Qh3 Nd7 24. f4 Nxe5 25. dxe5 Bd7 26. Rf3
Be8 27. Rg3 Bg6 28. Rc3 b5 29. Qf3 Rc8 30. Kf1 b4 31. Re3 Bc5 32. Re2 Qd7 33.
g4 Qd5 34. Qg3 Qh1+ 0-1

[Event "MCR senioru 2014 - nad 60 let"]
[Site "Rychnov nad Kneznou"]
[Date "2014.08.17"]
[Round "2.4"]
[White "Novotny, Josef"]
[Black "Koci, Ladislav"]
[Result "1-0"]
[WhiteElo "2134"]
[BlackElo "1915"]
[PlyCount "82"]
[EventDate "2014.??.??"]

1. e3 Nf6 2. d3 g6 3. Nf3 Bg7 4. g3 O-O 5. Bg2 c5 6. O-O Nc6 7. Nc3 d5 8. Re1
e5 9. e4 dxe4 10. Nxe4 Nxe4 11. Rxe4 Bf5 12. Re1 Qd7 13. Be3 b6 14. Qc1 Rae8
15. Bh6 e4 16. dxe4 Bxe4 17. Bxg7 Kxg7 18. Rd1 Qg4 19. h3 Qf5 20. Nh4 Qf6 21.
Qf4 Qxf4 22. gxf4 Bxg2 23. Kxg2 Re2 24. Rd6 Nd4 25. c3 Nb5 26. Rd3 Rxb2 27. a4
Nc7 28. Rd7 Ne6 29. f5 Nf4+ 30. Kg3 Ne2+ 31. Kf3 Re8 32. Rxa7 Nxc3 33. fxg6
hxg6 34. Rg1 Kf6 35. Rg4 Ne2 36. a5 bxa5 37. Ra6+ Kg7 38. Ra7 Rf8 39. Rg2 Rb3+
40. Kg4 Kf6 41. Ra6+ Ke5 1-0

[Event "MCR senioru 2014 - nad 60 let"]
[Site "Rychnov nad Kneznou"]
[Date "2014.08.17"]
[Round "2.5"]
[White "Miciak, Emanuel"]
[Black "Juricek, Stanislav"]
[Result "0-1"]
[WhiteElo "1865"]
[BlackElo "2131"]
[PlyCount "98"]
[EventDate "2014.??.??"]

1. d4 Nf6 2. c4 e6 3. Nf3 d5 4. Nc3 c6 5. cxd5 exd5 6. Bf4 Bf5 7. e3 Nbd7 8.
Bd3 Bxd3 9. Qxd3 Be7 10. h3 O-O 11. O-O Re8 12. Rac1 Bf8 13. Nd2 Qe7 14. a3 Qe6
15. Na4 Ne4 16. Nxe4 dxe4 17. Qe2 Nb6 18. Qc2 Nxa4 19. Qxa4 Red8 20. Qc2 Rd5
21. a4 Bb4 22. Qc4 a5 23. Rc2 h5 24. Rfc1 Re8 25. Qe2 g5 26. Be5 f6 27. Bg3 g4
28. hxg4 hxg4 29. Bh4 Kf7 30. g3 Rh8 31. Kg2 Kg6 32. Rh1 Rdh5 33. Rcc1 Qf5 34.
Kg1 Kg7 35. Qc4 Kg6 36. Qe2 Rd8 37. Qc4 Rd5 38. Qe2 Qf3 39. Qxf3 exf3 40. Kh2
Bd6 41. Kg1 Kf5 42. Kf1 Bb4 43. Kg1 Rh6 44. Kh2 Bd6 45. Kg1 Ke4 46. Rd1 c5 47.
Kf1 cxd4 48. Rxd4+ Rxd4 49. exd4 Bb4 0-1

[Event "MCR senioru 2014 - nad 60 let"]
[Site "Rychnov nad Kneznou"]
[Date "2014.08.17"]
[Round "2.6"]
[White "Jablecnik, Gustav"]
[Black "Jirasek, Jiri"]
[Result "1-0"]
[WhiteElo "2107"]
[BlackElo "1898"]
[PlyCount "101"]
[EventDate "2014.??.??"]

1. e4 e5 2. Nf3 Nc6 3. Bb5 a6 4. Bxc6 dxc6 5. d4 exd4 6. Qxd4 Qxd4 7. Nxd4 Bd7
8. Nc3 O-O-O 9. Be3 g6 10. O-O-O Bg7 11. Rhe1 Ne7 12. Nde2 f5 13. Bd4 Bxd4 14.
Nxd4 fxe4 15. Nxe4 b6 16. Nf6 Nd5 17. Nxd7 Rxd7 18. Nxc6 Nf4 19. Rxd7 Kxd7 20.
Ne5+ Kc8 21. g3 Nh3 22. f4 Rf8 23. Rf1 Rf5 24. Kd2 g5 25. Ke3 gxf4+ 26. gxf4
Ng5 27. Rf2 Ne6 28. Ke4 Rh5 29. Nd3 Kd7 30. f5 Ng5+ 31. Kf4 Nf7 32. a3 Ke7 33.
Nb4 a5 34. Nd5+ Kd6 35. Nf6 Rh4+ 36. Kg3 Rh6 37. Ng4 Rh5 38. h4 Nh6 39. Nxh6
Rxh6 40. Kg4 Ke7 41. Rd2 Rc6 42. Kg5 h6+ 43. Kh5 Kf7 44. c3 Rc4 45. Kxh6 Kf6
46. h5 Kxf5 47. Rf2+ Kg4 48. Kg6 Rc6+ 49. Rf6 Rc5 50. h6 Rg5+ 51. Kf7 1-0

[Event "MCR senioru 2014 - nad 60 let"]
[Site "Rychnov nad Kneznou"]
[Date "2014.08.17"]
[Round "2.7"]
[White "Milian, Milan"]
[Black "Uhmann, Jan"]
[Result "0-1"]
[WhiteElo "1861"]
[BlackElo "2094"]
[PlyCount "58"]
[EventDate "2014.??.??"]

1. d4 d5 2. c4 e6 3. Nc3 Nf6 4. Bg5 Be7 5. e3 Nbd7 6. cxd5 exd5 7. Bd3 O-O 8.
Nf3 b6 9. O-O Bb7 10. Rc1 c5 11. Re1 a6 12. Bf5 Re8 13. a4 Nf8 14. Ne5 g6 15.
Bb1 Kg7 16. Qf3 Ne6 17. Bxf6+ Bxf6 18. Ng4 cxd4 19. Qxf6+ Qxf6 20. Nxf6 Kxf6
21. exd4 Nxd4 22. Kf1 Rxe1+ 23. Rxe1 Ne6 24. Ba2 Rd8 25. Rd1 d4 26. Ne2 Bd5 27.
Bxd5 Rxd5 28. Nc3 dxc3 29. Rxd5 c2 0-1